| 000 | 01733nam a2200361 c 4500 | ||
|---|---|---|---|
| 003 | BLK | ||
| 005 | 20191004152231.0 | ||
| 008 | 180411b bul|||||r ||||||| ||bul|| | ||
| 010 | _aKNG00195954000 | ||
| 040 | _aBLK | ||
| 041 |
_aBUL _cBUL |
||
| 080 |
_aСпорт. Спортни игри. Физическа култура. Вж и 613;615.82;685.6/.7; 723.8; 793.3; 794 _b796 _x:612 _z796:612 |
||
| 100 | 1 |
_aПеткова, Лиляна Иванова _eпърви автор _9381034 |
|
| 700 | 1 |
_aКвартирникова, Мария _eсъавт. _9344231 |
|
| 139 |
_aПеткова, Лиляна Иванова и др. _bП 44 |
||
| 245 | 1 | 0 |
_aТестове за оценяване на физическата дееспособност _bВ помощ на специалисти по физ. култура _cЛиляна Иванова Петкова; съавт. Мария Квартирникова. |
| 257 | _aBGR | ||
| 260 |
_аСофия _bМедицина и физкултура _c1985 _fПловдив : Д. Благоев |
||
| 300 |
_a168 с. _bс табл., диагр. _c20 см |
||
| 380 | _a79 | ||
| 500 | _a2 046 тир. - Библиогр. с. 162-166 | ||
| 650 | 4 |
_aСпорт - теория и методи на изследване _9321342 |
|
| 650 | 4 |
_aДвижение (биол.) - физиология _9296681 |
|
| 650 | 4 |
_aФизическа култура и спорт - физиология _9342935 |
|
| 653 | _aфизическа издържливост | ||
| 653 | _aдвижение | ||
| 653 | _aтестове | ||
| 852 | _aЦб 137308 | ||
| 856 | 4 |
_qpdf _u |
|
| 856 | 4 |
_qpdf _u |
|
| 942 |
_cKNG _n0 _03 |
||
| 944 |
_aCR _c14.11.2016 _kСевдалина_Василева |
||
| 944 |
_aED _c14.11.2016 _kСевдалина_Василева |
||
| 999 |
_c186950 _d186950 |
||